Diseño y construcción de un generador eólico

Salvato in:
Dettagli Bibliografici
Autore principale: Negrini Argüello, Oscar
Altri autori: Ernest H., William
Natura: Libro
Pubblicazione: [San José , Costa Rica] 1983
Soggetti:
Tags: Aggiungi Tag
Nessun Tag, puoi essere il primo ad aggiungerne!!

MARC

LEADER 00000nam a2200000Ia 4500
003 002184
005 20221231144418.0
008 140114s1983 c a m 000 ||s d
040 |c cru CEDI 
090 |a TFG 1344 
100 |a Negrini Argüello, Oscar  |9 14051 
245 |a Diseño y construcción de un generador eólico 
260 |c 1983  |a [San José , Costa Rica] 
300 |a  92 hojas : ilustraciones ; 28 cm.  
500 |a A la cabeza de la portada. Proyecto de graduación. IM-410. Universidad de Costa Rica. Facultad de Ingeniería. Escuela de Ingeniería Mecánica 
650 |x ENERGIA EOLICA  |9 15250 
700 |9 15249  |a Ernest H., William 
942 |c TFG 
999 |c 21499  |d 21499